| 000 | 00408nam a2200169Ia 4500 | ||
|---|---|---|---|
| 008 | 180207s9999 xx 000 0 und d | ||
| 020 | _a439823234 | ||
| 050 | _bR918 2006 | ||
| 100 | _aRueda, Claudia. | ||
| 245 | _aLet's play in the forest / | ||
| 245 | _cClaudia Rueda. | ||
| 260 | _aNew York : | ||
| 260 | _bScholastic, | ||
| 260 | _c2006 | ||
| 300 | _aunpaged : | ||
| 300 | _bcolor illustration ; | ||
| 999 |
_c355070 _d355070 |
||